[Event "Challenge"]
[Site "http://www.queenalice.com/game.php?id=1020337"]
[Date "2012.1.30"]
[Round "-"]
[White "pezfloyd"]
[Black "trave"]
[Result "0-1"]
[WhiteElo "1574"]
[BlackElo "1656"]

1. e4 c5 2. Nc3 Nc6 3. Nd5 g6 4. Bc4 Bg7 5. d3 e6 6. Nf4 Nf6 7. Be3 Qb6 8. b3
O-O 9. Nf3 Ng4 10. a4 Bxa1 11. Qxa1 Nxe3 12. fxe3 Nb4 13. Kd1 f5 14. c3 Nc6 15.
Ng5 Na5 16. h4 Nxc4 17. dxc4 Qxb3+ 18. Kd2 Qxc4 19. Rc1 fxe4 20. a5 e5 21. Ne2
Qd3+ 22. Ke1 Qxe3 23. a6 Rf2 24. Rc2 Qd3 25. Rd2 Qxa6 26. Qd1 Rxg2 27. Qb3+ Kg7
28. Ra2 Qc6 29. Qf7+ Kh6 0-1

[Event "Challenge"]
[Site "http://www.queenalice.com/game.php?id=1020338"]
[Date "2012.1.30"]
[Round "-"]
[White "trave"]
[Black "pezfloyd"]
[Result "1-0"]
[WhiteElo "1646"]
[BlackElo "1629"]

1. c4 e6 2. g3 c6 3. Bg2 Qf6 4. Nf3 Bc5 5. O-O Nh6 6. d4 Bb4 7. a3 Ba5 8. b4 Bc7
9. Qd3 b5 10. cxb5 cxb5 11. Qxb5 Ba6 12. Qg5 Bxe2 13. Qxf6 gxf6 14. Re1 Bd3 15.
Ne5 fxe5 16. Bxa8 Ng4 17. h3 Nf6 18. dxe5 Ne4 19. Bxe4 Bc4 20. Bg2 h5 21. Bg5
Bxe5 22. Rxe5 Rf8 23. Rc5 d5 24. Nd2 f6 25. Nxc4 fxg5 26. Ne5 Na6 27. Rc8+ Ke7
28. Rxf8 Kxf8 29. Rc1 1-0

[Event "AUTO-ADV-2399"]
[Site "http://www.queenalice.com/game.php?id=1025504"]
[Date "2012.2.3"]
[Round "1"]
[White "Blutigeroo"]
[Black "pezfloyd"]
[Result "1-0"]
[WhiteElo "1761"]
[BlackElo "1400"]

1. f3 Nc6 2. Kf2 e5 3. d3 Nd4 4. e3 Bc5 5. exd4 Bxd4+ 6. Be3 Bxb2 7. Nd2 Bxa1 8.
Qxa1 d6 9. g3 Bd7 10. c4 Nf6 11. h4 1-0

[Event "AUTO-ADV-2399"]
[Site "http://www.queenalice.com/game.php?id=1025505"]
[Date "2012.2.3"]
[Round "1"]
[White "pezfloyd"]
[Black "Blutigeroo"]
[Result "0-1"]
[WhiteElo "1398"]
[BlackElo "1763"]

1. e4 e6 2. Nc3 d6 3. Qe2 g6 4. Nf3 Bg7 5. Qe3 b6 6. Ng5 Ne7 7. Qf3 O-O 8. Bd3
Bb7 9. Qh3 h6 10. Nf3 Nd7 0-1

[Event "AUTO-OPEN-2597"]
[Site "http://www.queenalice.com/game.php?id=1025690"]
[Date "2012.2.3"]
[Round "1"]
[White "lobatov"]
[Black "pezfloyd"]
[Result "1-0"]
[WhiteElo "1853"]
[BlackElo "1493"]

1. e4 Nc6 2. d4 e6 3. c4 Nb4 4. a3 c6 5. axb4 Bxb4+ 6. Bd2 a5 7. Nc3 Nf6 8. e5
Ng8 9. Qg4 g6 10. f4 h5 11. Qg3 Nh6 12. Bd3 Ng4 13. h3 a4 14. hxg4 1-0

[Event "AUTO-OPEN-2597"]
[Site "http://www.queenalice.com/game.php?id=1025691"]
[Date "2012.2.3"]
[Round "1"]
[White "pezfloyd"]
[Black "lobatov"]
[Result "0-1"]
[WhiteElo "1496"]
[BlackElo "1850"]

1. e4 e6 2. Nf3 d6 3. Nc3 g6 4. Ng5 Qxg5 5. g3 Bg7 6. h4 Qd8 7. Bb5+ Bd7 8. Qe2
Nf6 9. g4 h5 10. g5 Ng4 11. f3 Ne5 12. f4 Ng4 13. e5 dxe5 14. fxe5 Bxb5 0-1

[Event "AUTO-OPEN-2597"]
[Site "http://www.queenalice.com/game.php?id=1025712"]
[Date "2012.2.3"]
[Round "1"]
[White "hdlp"]
[Black "pezfloyd"]
[Result "1-0"]
[WhiteElo "1499"]
[BlackElo "1430"]

1. e4 e6 2. d4 Nf6 3. Nc3 Bb4 4. Bd2 b6 5. e5 Ng8 6. Nb5 Bxd2+ 7. Qxd2 a6 8. Nc3
Bb7 9. f3 b5 10. a4 b4 11. Na2 Bd5 12. Qxb4 Nc6 13. Qd2 Rb8 14. b3 Nh6 15. Bxa6
Nf5 16. Nh3 Nh6 17. Nf4 1-0

[Event "AUTO-OPEN-2597"]
[Site "http://www.queenalice.com/game.php?id=1025713"]
[Date "2012.2.3"]
[Round "1"]
[White "pezfloyd"]
[Black "hdlp"]
[Result "0-1"]
[WhiteElo "1414"]
[BlackElo "1521"]

1. e4 e5 2. Nf3 Nc6 3. Nc3 d5 4. exd5 Nd4 5. Nxe5 Nf6 6. Bb5+ Nxb5 7. Nxb5 Bd6
8. Qe2 Qe7 9. Nxd6+ cxd6 10. Qb5+ Nd7 11. d4 O-O 12. O-O dxe5 13. Re1 Qd6 14.
Bg5 a6 15. Qa5 exd4 16. Bf4 Qxf4 17. g3 Qd6 0-1

[Event "AUTO-OPEN-2597"]
[Site "http://www.queenalice.com/game.php?id=1025724"]
[Date "2012.2.3"]
[Round "1"]
[White "kpfingaz"]
[Black "pezfloyd"]
[Result "1-0"]
[WhiteElo "1547"]
[BlackElo "1467"]

1. e4 e5 2. Qh5 g6 3. Qf3 Be7 4. Bc4 Nf6 5. d3 Nc6 6. c3 Na5 7. Bb5 c6 8. Ba4 d5
9. Nd2 dxe4 10. Nxe4 Bg4 11. Nxf6+ Bxf6 12. Qg3 h5 13. h3 1-0

[Event "AUTO-OPEN-2597"]
[Site "http://www.queenalice.com/game.php?id=1025725"]
[Date "2012.2.3"]
[Round "1"]
[White "pezfloyd"]
[Black "kpfingaz"]
[Result "0-1"]
[WhiteElo "1448"]
[BlackElo "1560"]

1. e4 d5 2. e5 e6 3. Nc3 Qg5 4. Nf3 Qh5 5. h4 Nd7 6. g4 Qxg4 7. Be2 Qb4 8. Bb5
c6 9. a3 Qc5 10. b4 Qb6 11. Ng5 Nxe5 12. f4 Ng6 0-1